The Adventures of Don Quixote de la Mancha (Record no. 3122)
[ view plain ]
| 000 -CABECERA | |
|---|---|
| campo de control de longitud fija | 01377nam a2200325 a 4500 |
| 001 - NÚMERO DE CONTROL | |
| campo de control | BRCA_3386 |
| 005 - FECHA Y HORA DE LA ÚLTIMA TRANSACCIÓN | |
| campo de control | 20190320204245.0 |
| 041 ## - CÓDIGO DE LENGUA | |
| Código de lengua del texto/banda sonora o título independiente | eng |
| 044 ## - CÓDIGO DEL PAÍS DE LA ENTIDAD EDITORA/PRODUCTORA | |
| Código MARC del país | enk |
| 084 ## - OTRO NÚMERO DE CLASIFICACIÓN | |
| Número de clasificación | 675 |
| Número de documento/Ítem | .R68 |
| -- | 1905 |
| 100 1# - ENTRADA PRINCIPAL--NOMBRE DE PERSONA | |
| Nombre de persona | Cervantes Saavedra, Miguel de |
| Fechas asociadas al nombre | 1547-1616 |
| 9 (RLIN) | 213 |
| 245 10 - MENCIÓN DE TÍTULO | |
| Título | The Adventures of Don Quixote de la Mancha |
| Mención de responsabilidad, etc. | Adapted for the Young by M. Jones. |
| 260 ## - PUBLICACIÓN, DISTRIBUCIÓN, ETC. | |
| Lugar de publicación, distribución, etc. | Londres : Nueva York |
| Nombre del editor, distribuidor, etc. | George Routledge and Sons |
| Fecha de publicación, distribución, etc. | 1905 |
| 300 ## - DESCRIPCIÓN FÍSICA | |
| Extensión | 1 v. en 2 partes (x, 503 p.) |
| Otras características físicas | il. (algunas a color) |
| Dimensiones | 20 cm. |
| 500 ## - NOTA GENERAL | |
| Nota general | Contenido : Prefacio de M. Jones. Texto compendiado de la novela |
| 500 ## - NOTA GENERAL | |
| Nota general | Edición : With 206 Illustrations by John Gilbert, R. A. and other Artist |
| 500 ## - NOTA GENERAL | |
| Nota general | Traducción abreviada para la juventud por M. Jones. Va adornada con ilustraciones de J. Gilbert. Tela; planos adornados; corte dorado Lúdovik Osterc |
| 500 ## - NOTA GENERAL | |
| Nota general | Con ex-libris de : Gerald Seligman |
| 500 ## - NOTA GENERAL | |
| Nota general | QM990 |
| 546 ## - NOTA DE LENGUA/LENGUAJE | |
| Nota de lengua/lenguaje | Texto en : inglés |
| 650 14 - PUNTO DE ACCESO ADICIONAL DE MATERIA--TÉRMINO DE MATERIA | |
| Término de materia o nombre geográfico como elemento de entrada | Novela española |
| Subdivisión cronológica | Época clásica, 1500-1700 |
| 9 (RLIN) | 215 |
| 650 14 - PUNTO DE ACCESO ADICIONAL DE MATERIA--TÉRMINO DE MATERIA | |
| Término de materia o nombre geográfico como elemento de entrada | Literatura española |
| Subdivisión cronológica | Época clásica, 1500-1700 |
| 9 (RLIN) | 216 |
| 650 14 - PUNTO DE ACCESO ADICIONAL DE MATERIA--TÉRMINO DE MATERIA | |
| Término de materia o nombre geográfico como elemento de entrada | Novela española |
| Subdivisión cronológica | Siglo XVII |
| 9 (RLIN) | 217 |
| 650 14 - PUNTO DE ACCESO ADICIONAL DE MATERIA--TÉRMINO DE MATERIA | |
| Término de materia o nombre geográfico como elemento de entrada | Don Quijote (Personaje ficticio) |
| Término indicativo de función/relación | Novela |
| 9 (RLIN) | 218 |
| 700 1# - PUNTO DE ACCESO ADICIONAL--NOMBRE DE PERSONA | |
| Nombre de persona | Jones, M. |
| Término indicativo de función/relación | Editor |
| 9 (RLIN) | 8905 |
| 700 1# - PUNTO DE ACCESO ADICIONAL--NOMBRE DE PERSONA | |
| Nombre de persona | Gilbert, John |
| Fechas asociadas al nombre | 1817-1897 |
| Término indicativo de función/relación | Ilustrador |
| 9 (RLIN) | 8906 |
| 740 0# - PUNTO DE ACCESO ADICIONAL--TÍTULO RELACIONADO O ANALÍTICO NO CONTROLADO | |
| Título relacionado o analítico no controlado | El Ingenioso Hidalgo Don Quijote de la Mancha |
| 902 ## - CATALOGADOR | |
| Iniciales | QFM |
| 942 ## - ELEMENTOS DE PUNTO DE ACCESO ADICIONAL (KOHA) | |
| Fuente del sistema de clasificación o colocación | Library of Congress Classification |
| Tipo de ítem Koha | Libros |
| Estado de retiro | Estado de pérdida | Estado dañado | No para préstamo | Localización permanente | Ubicación/localización actual | Fecha de adquisición | Número de inventario | Total de préstamos | Signatura topográfica completa | Código de barras | Fecha visto por última vez | Precio válido a partir de | Tipo de ítem Koha |
|---|---|---|---|---|---|---|---|---|---|---|---|---|---|
| El ejemplar forma parte de la colección y puede ser consultado según las políticas vigentes. | Biblioteca del Museo Franz Mayer (Rogerio Casas-Alatriste) | Biblioteca del Museo Franz Mayer (Rogerio Casas-Alatriste) | 02/04/2009 | QM990 | 675 .R68 1905 (QM990) | 3383 | 22/03/2019 | 22/03/2019 | Libros |